Bioclimate source and limit of social development : international scientific conference : conference proceedings : abstracts : 6th-9th September 2011 : Topoľčianky, Slovakia

Bibliographic Details
Other Authors: Šiška, Bernard, 1959- (Editor), Hauptvogl, Martin, 1980- (Editor), Eliášová, Martina (Editor)
Format: Book
Language:English
PhysicalDescription:71 s. 24 cm
Published: In Nitra Slovak Agriculture University 2011
ISBN:9788055206400 (brož.)
Edition:1st ed.
Subjects:

MARC

LEADER 00000nam a22000005a 4500
001 vtls010325084
003 SK-MaSNL
005 20260301173356.0
008 150827s2011 xo f a 101 0 eng
015 |a SNBA2011/12-06178 
020 |a 9788055206400 (brož.) 
035 |a 118D29D7-2507-4F98-A39A-D4E8F606A38F 
035 |a urn:nbn:sk:snk-amjj43 
035 |a urn:nbn:sk:snk-am000y3o 
040 |a SNK  |b slo  |c SNK  |e AACR2 
041 0 |a eng 
044 |a xo  |c SK 
072 7 |a 551  |x Geológia. Meteorológia. Klimatológia  |2 konspekt 
080 |a (048.3)  |2 2001 
080 |a (062.534)  |2 2001 
080 |a 551.586  |2 2001 
080 |a 551.583  |2 2001 
080 |a 551.506.8  |2 2001 
080 |a 63:551.58  |2 2001 
245 0 0 |a Bioclimate  |b source and limit of social development : international scientific conference : conference proceedings : abstracts : 6th-9th September 2011 : Topoľčianky, Slovakia  |c [editors Bernard Šiška, Martin Hauptvogl, Mariana Eliašová] 
250 |a 1st ed. 
260 |a In Nitra  |b Slovak Agriculture University  |c 2011 
300 |a 71 s.  |c 24 cm 
366 |e 100 výt. 
500 |a Tir. aj slov. 
504 |a Reg. aut. 
650 0 7 |a bioklimatológia  |2 SNKPH  |9 751 
650 0 7 |a klimatické zmeny  |2 SNKPH  |9 3351 
650 0 7 |a fenológia  |2 SNKPH  |9 753 
650 0 7 |a agroklimatológia  |2 SNKPH  |9 114082 
650 0 7 |a Bioclimatology  |2 SNKPHeng  |9 309297 
650 0 7 |a Climate changes  |2 SNKPHeng  |9 316554 
650 0 7 |a Phenology  |2 SNKPHeng  |9 423952 
650 0 7 |a Agroclimatology  |2 SNKPHeng  |9 544160 
655 7 |a abstrakty  |2 SNKPH  |9 22516 
655 7 |a zborníky konferencií  |2 SNKPH  |9 70153 
655 7 |a Abstracts  |2 SNKPHeng  |9 275616 
655 7 |a Proceedings of conferences  |2 SNKPHeng  |9 265791 
700 1 |a Šiška, Bernard,  |d 1959-  |4 edt  |9 9169 
700 1 |a Hauptvogl, Martin,  |d 1980-  |4 edt  |9 188612 
700 1 |a Eliášová, Martina  |4 edt  |9 415809 
752 |a Slovensko  |d Nitra 
919 |a 978-80-552-0640-0 
958 |a OND 
968 |d 50 
999 |c 836500  |d 838430 
952 |a SNK  |b SNK  |y PREZ  |7 0  |p 17A0773581  |o snkSC 147275  |i snk2011/23091  |8 0  |0 0  |1 0  |4 0  |d 2011-11-21  |l 0  |r 2025-07-16 00:00:00  |w 2026-02-24 
952 |a SNK  |b SNK  |y VYP  |7 0  |p 17A0773580  |o snkSC 147275 D1  |i snk2011/23092  |8 0  |0 0  |1 0  |4 0  |d 2011-11-21  |l 0  |r 2026-02-24 03:56:39  |w 2026-02-24